000 00640nam a2200253Ia 4500
003 OSt
005 20221006145017.0
006 a|||||r|||| 00| 0
007 ta
008 221006b |||||||| |||| 00| 0 eng d
020 _c24.00
024 _a13,493
037 _cTextual
040 _aEASL
_cEASL
_beng
041 _2eng
_aeng
082 _aV44:4(W.691), K8
100 _aSINBA V B
_9653319
245 0 _aRed rebel in India
260 _aNew Delhi
_bAssociated Pub.
_c1968
300 _a262p.
_ccm.
490 _v Oth
942 _hV44:4(W.691), K8
_cTEXL
_2CC
999 _c1081579
_d1081579